000 00620nam a22001817a 4500
005 20250324164604.0
008 250324b |||||||| |||| 00| 0 eng d
020 _a9789388414142
041 _aEng.
082 _a658.408 ROY
100 _aRoy, Vineeta Dutta
245 _aDemonstrating Responsible Business: Corporate Social Responsibility and Sustainability Practices of Leading Companies in India
260 _aNew Dehli
_bBloomsbury
_c2019
300 _a302;. P. 23 cm
650 _aBusiness Enterprises-Environmental Aspects; Management-Environmental Aspects
700 _aChatterjee, Bhaskar
942 _cBK
999 _c43372
_d43372